Central Library OPAC University of Rajshahi

American notes for general circulation : (Record no. 79711)

MARC details
000 -LEADER
fixed length control field 00923nam a2200253 a 4500
001 - CONTROL NUMBER
control field 79711
003 - CONTROL NUMBER IDENTIFIER
rucl marc code BD-RjUL
005 - DATE AND TIME OF LATEST TRANSACTION
control field 20220418105754.0
008 - FIXED-LENGTH DATA ELEMENTS--GENERAL INFORMATION
fixed length control field 220418s1874 enkaf 000 0aeng d
035 ## - SYSTEM CONTROL NUMBER
System control number (BD-RjUL)79711
040 ## - CATALOGING SOURCE
Original cataloging agency ABC
Transcribing agency ABC
Modifying agency m.c
-- UEJ
-- BD-RjUL
Language of cataloging eng
041 ## - LANGUAGE CODE
Language code of text/sound track or separate title eng
082 ## - DEWEY DECIMAL CLASSIFICATION NUMBER
Edition number 23
Classification number 823
Author mark and year DIA 1874
100 1# - MAIN ENTRY--PERSONAL NAME
Personal name Dickens, Charles,
Dates associated with a name 1812-1870.
9 (RLIN) 2265
245 10 - TITLE STATEMENT
Title American notes for general circulation :
Remainder of title and, Pictures from Italy /
Statement of responsibility, etc. by Charles Dickens ; with illustrations by Marcus Stone.
260 ## - PUBLICATION, DISTRIBUTION, ETC. (IMPRINT)
Place of publication, distribution, etc. London :
Name of publisher, distributor, etc. Chapman & Hall,
Date of publication, distribution, etc. [1874?]
300 ## - PHYSICAL DESCRIPTION
Pagination viii, 506 p., [8] leaves of plates :
Illustrations ill. ;
Size 23 cm.
650 ## - SUBJECT ADDED ENTRY--TOPICAL TERM
Topical term or geographic name as entry element Novelists, English
9 (RLIN) 2519
651 #0 - SUBJECT ADDED ENTRY--GEOGRAPHIC NAME
Geographic name United States
General subdivision Description and travel.
Form subdivision Fiction
9 (RLIN) 2516
Geographic name United States
General subdivision Social life and customs.
9 (RLIN) 2517
Geographic name Italy
General subdivision Description and travel.
9 (RLIN) 2518
700 1# - ADDED ENTRY--PERSONAL NAME
Personal name Stone, Marcus,
Dates associated with a name 1840-1921.
942 ## - ADDED ENTRY ELEMENTS (KOHA)
Source of classification or shelving scheme Dewey Decimal Classification
Koha item type Books
Holdings
Lost status Source of classification or shelving scheme Damaged status Not for loan Collection code Permanent Location Current Location Shelving location Date acquired Source of acquisition Cost, normal purchase price Total Checkouts Full call number Date last seen Copy number Koha item type
  Dewey Decimal Classification   Not For Loan Fiction Central Library, University of Rajshahi Central Library, University of Rajshahi Reading Room 20/11/1956 B.H. Blackeell ltd. 14.00   823 DIA 1874 18/04/2022 C-1 Books